Misshandel mellan obekanta / 2

Saved in:  
Bibliographic Details
Format: Print Book
Language:Swedish
Published: Stockholm Brottsförebyggande Rådet 2009
In: Misshandel mellan obekanta kan fler brott klaras upp?
Year: 2009
Check availability: HBZ Gateway
Subito Delivery Service: Order now.

MARC

LEADER 00000cam a2200000 cc4500
001 1373037334
003 DE-627
005 20220528100455.0
007 tu
008 090213s2009 xx ||||| 00| ||swe c
020 |a 9789186027216  |9 978-91-86027-21-6 
035 |a (DE-627)1373037334 
035 |a (DE-576)303037334 
035 |a (DE-599)BSZ303037334 
040 |a DE-627  |b ger  |c DE-627  |e rakwb 
041 |a swe 
245 0 0 |a Misshandel mellan obekanta  |n  2 
264 1 |a Stockholm  |b Brottsförebyggande Rådet  |c 2009 
300 |a 64 S. 
336 |a Text  |b txt  |2 rdacontent 
337 |a ohne Hilfsmittel zu benutzen  |b n  |2 rdamedia 
338 |a Band  |b nc  |2 rdacarrier 
490 1 |a Rapport  |v 2009,1 
583 1 |a Archivierung prüfen  |c 20200919  |f DE-640  |z 1  |2 pdager 
773 1 8 |a Misshandel mellan obekanta kan fler brott klaras upp?  |w (DE-627)133759606X  |w (DE-576)267596065  |g  2  |q  2  |7 nnam 
810 2 |a Schweden  |b Brottsförebyggande rådet  |t BRÅ rapport  |v 2009,1  |9 2009,1  |w (DE-627)17099662X  |w (DE-576)022905014  |w (DE-600)1137697-1  |x 1100-6676  |7 am 
935 |a mkri 
951 |a MV 
ELC |b 1 
LOK |0 000 xxxxxcx a22 zn 4500 
LOK |0 001 2592555609 
LOK |0 003 DE-627 
LOK |0 004 1373037334 
LOK |0 005 20090213152620 
LOK |0 008 090213||||||||||||||||ger||||||| 
LOK |0 040   |a DE-Frei85  |c DE-627  |d DE-Frei85 
LOK |0 852   |a DE-Frei85 
LOK |0 852 1  |m p  |9 00 
LOK |0 938   |k p 
LOK |0 939   |a 13-02-09  |b l01 
ORI |a SA-MARC-krimdoka001.raw